banner-ar

الوجيز فى امراض العنب / (Record no. 48311)

MARC details
000 -الفاتح
حقل البيانات ثابتة الطول 00769nam a2200253Ia 4500
005 - وقت وتاريخ اخر تعامل مع التسجيلة
رقم الضبط 20240530104523.0
008 - عناصر البيانات ثابتة الطول - معلومات عامة
حقل البيانات ثابتة الطول 140319s9999 xx 000 0 ara d
040 ## - مصدر الفهرسة
وكالة الفهرسة الأصلية GCL /
وكالة النسخ GCL
082 04 - رقم تصنيف ديوى العشرى
رقم التصنيف 634.8
رقم المادة ب و
100 1# - المدخل الرئيسى - إسم شخصى
الإسم الشخصى بيرسون، روجر
245 10 - بيان العنوان
العنوان الوجيز فى امراض العنب /
بيان المسئوليه,etc بيرسون، روجر
300 ## - الوصف المادى
التعداد 469 ص
490 ## - بيان السلسلة
عنوان السلسلة الهيئة العامة للاستعلامات
رقم المجلد/ التعيين التسلسلي 0
650 04 - المدخل الاضافى بالموضوع-مصطلح موضوعى
مصطلح موضوعي الزراعة
650 04 - المدخل الاضافى بالموضوع-مصطلح موضوعى
مصطلح موضوعي العنب
650 04 - المدخل الاضافى بالموضوع-مصطلح موضوعى
مصطلح موضوعي زراعة الفاكهة
650 04 - المدخل الاضافى بالموضوع-مصطلح موضوعى
مصطلح موضوعي النبيذ
650 04 - المدخل الاضافى بالموضوع-مصطلح موضوعى
مصطلح موضوعي العنب - الاستخدام العلاجى
700 1# - المدخل الاضافى - اسم شخصى
الإسم الشخصى جوهين، اوستين
700 1# - المدخل الاضافى - اسم شخصى
الإسم الشخصى جميل فهيم سوريال
700 1# - المدخل الاضافى - اسم شخصى
الإسم الشخصى احمد زكى على
942 ## - عناصر المدخل الإضافي( كوها)
مصدر التصنيف او مخطط الترفيف Dewey Decimal Classification
Koha [default] item type كتاب
Holdings
حالة التراجع حالة الفقد حالة تلف ليس للاعارة المكان المؤقت الموقع الحالى تاريخ الاكتساب اجمالي اﻻعارات رقم الطلب الباركود تاريخ اخر مشاهدة تاريخ تفعيل السعر نوع وعاء كوها
        مكتبة القاهرة الكبرى مكتبة القاهرة الكبرى 03/26/2014   634.8\ب و 116634 03/26/2014 03/26/2014 كتاب
        مكتبة القاهرة الكبرى مكتبة القاهرة الكبرى 03/26/2014   634.8\ب و 116635 03/26/2014 03/26/2014 كتاب
        مكتبة القاهرة الكبرى مكتبة القاهرة الكبرى 03/26/2014   634.8\ب و 116636 03/26/2014 03/26/2014 كتاب

Powered By

EGPV